00693nam a22001577a 450000500170000002000450001703700170006208200110007910000180009024500670010826000470017527000570022230000620027949000510034150501430039220100913113236.0 a9788178847900c3000.00 (set of 3 vols.)  bPansy Books  a796.03 aLaxman Singh  aEncyclopaedia survey of commonwealth games /cby Laxman Singh  aNew Delhi bCyber Tech Publications c2011 bNew Delhi a4264/3, Ansari Road, Daryaganj, e110002 a3V. (viii, 253p.; viii, 277p.; viii, 238p.) . c24cm(Hb)  aIncludes bibliographical references and index  av.1- Commonwealth games: peeping through history; v.2- Commonwealth games: glimpses of host citiesv; v.3-A look at 2010 commonwealth games